01102cam a22002892 450000100060000000300080000600500170001400800390003103500190007004000320008904100080012108200220012910000350015124501470018625000200033326000380035330000250039150000610041650400320047750400200050960000520052961000230058170000280060494200120063299900170064495201510066132528BD-RjUL20211209051842.0140427s1967 ii b 001 0beng a(BD-RjUL)32617 aDLCcYOMdEQOdBD-RjULbeng aeng a294.556bRAH 19670 aLajpat Rai,d1865-1928.99896612aA history of the Arya Samaj :ban account of its origin, doctrines and activities, with a biographical sketch of the founder /cby Lajpat Rai. aRev. & Exp. ed. aBombay :bOrient Longmans,c1967. avi, 217 p. ;c22 cm. aFirst ed. published in 1914 under title: The Arya Samaj. aBibliography: p. [205]-206. aIncludes index.00aDayananda Sarasvati,cSwami,d1824-1883.99897220aArya-Samaj.9989731 aSharma, Sri Ram.998969 2ddccBK c32528d32528 00102ddc40718NFICaRUCLbRUCLcReadingd1974-05-31eNowroze Kitalabstiong13.12l0o294.556 RAH 1967r2014-04-27 00:00:00tC-1w2014-04-27yBK